Taka-Töölön kadut - Statistics

Yleistilastot
  • Tätä visaa on pelattu 12 kertaa
  • Keskiarvotulos 14 / 48
Vastaustilastot
Vastaus % Oikein
Mannerheimintie
100%
Töölönkatu
90%
Mechelininkatu
60%
Nordenskiöldinkatu
60%
Ruusulankatu
60%
Topeliuksenkatu
60%
Helsinginkatu
50%
Minna Canthin katu
50%
Runeberginkatu
50%
Sibeliuksenkatu
50%
Urheilukatu
50%
Eino Leinon katu
40%
Messeniuksenkatu
40%
Humalistonkatu
30%
Kesäkatu
30%
Lastenlinnantie
30%
Linnankoskenkatu
30%
Merikannontie
30%
Sallinkatu
30%
Tavaststjernankatu
30%
Toivonkatu
30%
Välskärinkatu
30%
Döbelninkatu
20%
Dunckerinkatu
20%
Hammarskjöldintie
20%
Mäntymäentie
20%
Pohjoinen Hesperiankatu
20%
Rajasaarentie
20%
Reijolankatu
20%
Ruusankatu
20%
Sandelsinkatu
20%
Savilankatu
20%
Töölöntorinkatu
20%
Vauhtitie
20%
Kajanuksenkatu
10%
Kivelänkatu
10%
Mikael Lybeckin katu
10%
Oopperankuja
10%
Paasikivenkatu
10%
Paavo Nurmen kuja
10%
Paavo Nurmen tie
10%
Päivärinnankatu
10%
Pohjoinen Stadiontie
10%
Rajasaarenpenger
10%
Stadionpolku
10%
Stenbäckinkatu
10%
Tykistönkatu
10%
Valhallankatu
10%
Ehtoja vastaavia visoja ei löytynyt
Tulosjakauma
Jokaisen tuloksen saaneiden osuus
Persentiili vastausten määrän mukaan
Tuloshistoriasi
Et ole pelannut tätä visaa